| 000 | 00674nam a22001937a 4500 | ||
|---|---|---|---|
| 999 |
_c7192 _d7192 |
||
| 003 | AR-CdUCM | ||
| 008 | 190320b ||||| |||| 00| 0 spa d | ||
| 040 |
_aMUNICIPALIDAD PROVINCIAL DEL CUSCO _cBIBLIOTECA MUNICIPAL DEL CUSCO |
||
| 082 |
_22ed. _a657 / _bSE39 |
||
| 100 |
_aSeoane, Joaquin Raul _920277 |
||
| 245 |
_aDiccionario : _bde Contabilidad, organización administración, control y ciencias afines / |
||
| 260 |
_aBuenos Aires : _bSelección Contable, _c1951. |
||
| 300 |
_a5 tomos ; _bcuadros, _c23 cm. |
||
| 505 | _aContenido: t.5: Caballos-Construcción. | ||
| 650 |
_aDiccionario _95196 |
||
| 650 |
_aContabilidad _910543 |
||
| 942 |
_2ddc _cLIBROS |
||
| 945 | _aachl | ||